The New Basel Capital Accord - BASEL II

Význam a podstata kapitálovej primeranosti. Bankový dohľad na reguláciu aktivít finančných inštitúcií. Vzťahy akcionárov a regulátorov. Vývoj kapitálovej primeranosti. Bazilejský výbor pre bankový dohľad a koncepcia kapitálovej primeranosti. Medzinárodné dokumenty BASEL I a BASEL II. Piliere NBCA.

Salvato in:
Dettagli Bibliografici
Autore principale: Kováčová, Monika
Natura: Capitolo di libro
Lingua:slovacco
Soggetti:
Tags: Aggiungi Tag
Nessun Tag, puoi essere il primo ad aggiungerne!!

MARC

LEADER 00000naa$a2200000$$$4500
001 0032002
005 20240502071439.3
041 0 |a slo 
044 |a SK 
245 1 0 |a The New Basel Capital Accord - BASEL II  |c Monika Kováčová 
520 |a Význam a podstata kapitálovej primeranosti. Bankový dohľad na reguláciu aktivít finančných inštitúcií. Vzťahy akcionárov a regulátorov. Vývoj kapitálovej primeranosti. Bazilejský výbor pre bankový dohľad a koncepcia kapitálovej primeranosti. Medzinárodné dokumenty BASEL I a BASEL II. Piliere NBCA. 
610 2 0 |a banky 
610 2 0 |a primeranosť kapitálová 
610 2 0 |a dohľad bankový 
610 2 0 |a regulácia 
610 2 0 |a kapitál vlastný 
610 2 0 |a akcionári 
610 2 0 |a riziko 
610 2 0 |a riziko bankové 
610 2 0 |a riziko operačné 
610 2 0 |a riziko úverové 
610 2 0 |a riziko trhové 
610 2 0 |a Bazilej II 
100 1 |a Kováčová, Monika